[Event "BUL-ch"]
[Site "Sofia"]
[Date "2023.01.25"]
[Round "6"]
[White "Daskalov, Dimitar"]
[Black "Rusev, Krasimir"]
[Result "1-0"]
[WhiteElo "2298"]
[BlackElo "2478"]
[PlyCount "65"]
[EventDate "2023.01.21"]
[EventType "swiss"]
[EventRounds "9"]
[EventCountry "BUL"]
[SourceTitle "CBM 212 Extra"]
[Source "ChessBase"]
[SourceDate "2023.03.31"]
[SourceVersion "1"]
[SourceVersionDate "2023.03.31"]
[SourceQuality "1"]

1. e4 e6 2. d4 d5 3. Bd3 dxe4 4. Bxe4 Nf6 5. Bf3 Be7 6. Ne2 0-0 7. 0-0 c5 8. Be3 Qc7 9. dxc5 Rd8 10. Qc1 Nc6 11. Nd2 Ne5 12. b4 a5 13. a3 Neg4 14. Bxg4 Nxg4 15. Nf3 axb4 16. axb4 Rxa1 17. Qxa1 Nxe3 18. fxe3 b6 19. Qe5 Qb7 20. Ned4 bxc5 21. bxc5 Rd5 22. c6 Qb6 23. Qe4 f5 24. Qd3 Bf6 25. Ra1 f4 26. Ra8 Rd8 27. Qb3 Qxb3 28. cxb3 fxe3 29. c7 Rf8 30. Nc6 e2 31. Kf2 e5 32. Na7 Bh4+ 33. g3 1-0

[Event "BUL-ch"]
[Site "Sofia"]
[Date "2023.01.23"]
[Round "4"]
[White "Kanov, Nikola"]
[Black "Daskalov, Dimitar"]
[Result "1/2-1/2"]
[WhiteElo "2383"]
[BlackElo "2298"]
[PlyCount "70"]
[EventDate "2023.01.21"]
[EventType "swiss"]
[EventRounds "9"]
[EventCountry "BUL"]
[SourceTitle "CBM 212 Extra"]
[Source "ChessBase"]
[SourceDate "2023.03.31"]
[SourceVersion "1"]
[SourceVersionDate "2023.03.31"]
[SourceQuality "1"]

1. e4 e5 2. Nf3 Nf6 3. Nxe5 d6 4. Nf3 Nxe4 5. d4 d5 6. Bd3 Nc6 7. 0-0 Be7 8. Nbd2 Nxd2 9. Bxd2 Bg4 10. c3 0-0 11. h3 Bh5 12. Re1 Bd6 13. g4 Bg6 14. Qc2 Qf6 15. Kg2 h6 16. g5 hxg5 17. Bxg5 Bxd3 18. Qxd3 Qg6 19. Qxg6 fxg6 20. Ne5 Bxe5 21. dxe5 Rae8 22. Rad1 Rf5 23. f4 Nd8 24. Rxd5 Ne6 25. Rd7 Ref8 26. Kh1 R8f7 27. Rd2 Nxf4 28. Bxf4 Rxf4 29. e6 Rf1+ 30. Rxf1 Rxf1+ 31. Kg2 Re1 32. Rd8+ Kh7 33. Re8 g5 34. Kf2 Re5 35. Re7 Rc5 1/2-1/2

[Event "Primorsko op"]
[Site "Primorsko"]
[Date "2021.09.18"]
[Round "6"]
[White "Daskalov, Dimitar"]
[Black "Tarhan, Adar"]
[Result "1-0"]
[WhiteElo "2319"]
[BlackElo "2121"]
[PlyCount "107"]
[EventDate "2021.09.13"]
[EventType "swiss"]
[EventRounds "9"]
[EventCountry "BUL"]
[SourceTitle "CBM 204 Extra"]
[Source "ChessBase"]
[SourceDate "2021.11.30"]
[SourceVersion "1"]
[SourceVersionDate "2021.11.30"]
[SourceQuality "1"]

1. e4 e5 2. Bc4 Nf6 3. Nc3 Nxe4 4. Qh5 Nd6 5. Bb3 Be7 6. Nf3 Nc6 7. Nxe5 Nxe5 8. Qxe5 0-0 9. Nd5 Re8 10. 0-0 Bf8 11. Qf4 c6 12. Nc3 Qa5 13. d3 Qf5 14. g4 Qg6 15. Bd2 b5 16. a4 b4 17. Nd1 a5 18. Ne3 Nb7 19. Rae1 d5 20. h3 Nc5 21. Ng2 Rxe1 22. Rxe1 Bd7 23. Qf3 Re8 24. Rxe8 Bxe8 25. Nh4 Qe6 26. Nf5 Nxb3 27. cxb3 c5 28. Kf1 Bc6 29. Qf4 d4 30. Qb8 Bf3 31. Kg1 h6 32. Kh2 Qe2 33. Kg3 Bd5 34. Bxh6 Qf3+ 35. Kh4 Qxf2+ 36. Kh5 gxh6 37. Nxh6+ Kg7 38. Nf5+ Kg8 39. Ne7+ Kg7 40. Qe5+ Kh7 41. Nxd5 Qg2 42. Qf5+ Kh8 43. h4 Qd2 44. Nf4 Kg8 45. Qg5+ Kh8 46. Qe5+ Kg8 47. Qg5+ Kh8 48. Ne6 Qxd3 49. Nxf8 Qe3 50. Qf6+ Kg8 51. Nd7 d3 52. Ne5 Qe4 53. Qxf7+ Kh8 54. Ng6+ 1-0

[Event "Primorsko op"]
[Site "Primorsko"]
[Date "2021.09.16"]
[Round "4"]
[White "Daskalov, Dimitar"]
[Black "Karadzhov, Ivan"]
[Result "1-0"]
[WhiteElo "2319"]
[BlackElo "2125"]
[PlyCount "59"]
[EventDate "2021.09.13"]
[EventType "swiss"]
[EventRounds "9"]
[EventCountry "BUL"]
[SourceTitle "CBM 204 Extra"]
[Source "ChessBase"]
[SourceDate "2021.11.30"]
[SourceVersion "1"]
[SourceVersionDate "2021.11.30"]
[SourceQuality "1"]

1. e4 c5 2. Nf3 d6 3. d4 cxd4 4. Nxd4 Nf6 5. Nc3 a6 6. Be2 e6 7. Be3 Be7 8. f4 Qc7 9. Bf3 0-0 10. 0-0 Nc6 11. Kh1 Nxd4 12. Qxd4 e5 13. Qd2 b5 14. a3 Bb7 15. Rad1 Rac8 16. g4 b4 17. axb4 Qc4 18. Qg2 Qxb4 19. fxe5 dxe5 20. g5 Ne8 21. Nd5 Bxd5 22. c3 Qb8 23. Rxd5 Nd6 24. Bc5 Rxc5 25. Rxc5 Nxe4 26. Rc6 Nxg5 27. Bd5 Qd8 28. Rxa6 Nh3 29. Ra8 Qd6 30. Rxf7 1-0

[Event "EU Univ rapid op"]
[Site "Budapest"]
[Date "2019.07.26"]
[Round "8"]
[White "Shevchenko, Kirill"]
[Black "Daskalov, Dimitar"]
[Result "1-0"]
[WhiteElo "2536"]
[BlackElo "2305"]
[PlyCount "117"]
[EventDate "2019.07.25"]
[EventType "team-swiss (rapid)"]
[EventRounds "9"]
[EventCountry "HUN"]
[SourceTitle "EXT 2020"]
[Source "ChessBase"]
[SourceDate "2019.10.17"]
[SourceVersion "1"]
[SourceVersionDate "2019.10.17"]
[SourceQuality "1"]
[WhiteTeam "Lvov Physical Cultur Univ"]
[BlackTeam "Warwick University"]
[WhiteTeamCountry "UKR"]
[BlackTeamCountry "ENG"]

1. d4 Nf6 2. c4 e5 3. dxe5 Ng4 4. Bf4 Bb4+ 5. Nd2 Nc6 6. Ngf3 Qe7 7. e3 Ngxe5 8. Nxe5 Nxe5 9. a3 Bxd2+ 10. Qxd2 d6 11. Be2 0-0 12. 0-0 a5 13. Rac1 b6 14. b4 axb4 15. axb4 Bb7 16. c5 dxc5 17. bxc5 Ng6 18. Bg3 bxc5 19. Qc2 Ra5 20. Rfd1 Rfa8 21. h3 Nf8 22. Bc4 Be4 23. Qc3 Bc6 24. Qe5 Qxe5 25. Bxe5 Ne6 26. Bxe6 fxe6 27. Bxc7 Rb5 28. Rd6 Bd5 29. f3 Rc8 30. Rd7 Bc6 31. Re7 Rb7 32. Bd6 Rxe7 33. Bxe7 Kf7 34. Bxc5 Be8 35. Kf2 e5 36. e4 Ke6 37. h4 Bb5 38. g3 g6 39. Ke3 Rc7 40. Rc3 Rc8 41. Kd2 Bf1 42. Ke1 Bb5 43. Kd2 Bf1 44. Rc2 Bb5 45. Rc1 Bd7 46. Rc3 Bb5 47. Kc2 Be2 48. f4 Ba6 49. Kd2 Bb7 50. Ke3 Ba8 51. fxe5 h5 52. Kf4 Rc7 53. Ra3 Rf7+ 54. Ke3 Bb7 55. Rb3 Kxe5 56. Rb6 Bxe4 57. Bd4+ Kf5 58. Rb5+ Kg4 59. Rg5+ 1-0

[Event "BCF-chT1d 1819 (4NCL) Demotion pool"]
[Site "England"]
[Date "2019.05.06"]
[Round "11.86"]
[White "Daskalov, Dimitar"]
[Black "Mihalik, Agoston"]
[Result "1/2-1/2"]
[WhiteElo "2318"]
[BlackElo "2203"]
[PlyCount "69"]
[EventDate "2018.11.10"]
[EventType "team-tourn"]
[EventRounds "4"]
[EventCountry "ENG"]
[SourceTitle "CBM 190 Extra"]
[Source "ChessBase"]
[SourceDate "2019.07.15"]
[SourceVersion "1"]
[SourceVersionDate "2019.07.15"]
[SourceQuality "1"]
[WhiteTeam "Grantham Sharks"]
[BlackTeam "West is Best"]
[WhiteTeamCountry "ENG"]
[BlackTeamCountry "ENG"]

1. e4 c5 2. Nc3 a6 3. Nf3 d6 4. d4 cxd4 5. Nxd4 Nf6 6. Be3 e6 7. f3 b5 8. Qd2 Nbd7 9. g4 b4 10. Na4 h6 11. 0-0-0 Qc7 12. Be2 d5 13. Rhe1 Nc5 14. Nxc5 Bxc5 15. e5 Qxe5 16. Bf4 Qxd4 17. Qxd4 Bxd4 18. Rxd4 a5 19. h4 Bb7 20. g5 hxg5 21. hxg5 Nd7 22. Bd6 g6 23. Bb5 Kd8 24. Rdd1 Ba6 25. Rh1 Rh5 26. Rxh5 gxh5 27. Bxa6 Rxa6 28. Bg3 a4 29. Rh1 b3 30. Kb1 bxc2+ 31. Kxc2 Rc6+ 32. Kd2 Rb6 33. Kc2 Rc6+ 34. Kd2 Rb6 35. Kc2 1/2-1/2

[Event "BCF-chTb 1819 (4NCL)"]
[Site "Daventry"]
[Date "2019.02.10"]
[Round "6.83"]
[White "Daskalov, Dimitar"]
[Black "Reimanis, Ritvars"]
[Result "1/2-1/2"]
[WhiteElo "2330"]
[BlackElo "2316"]
[PlyCount "92"]
[EventDate "2018.11.10"]
[EventType "team-tourn"]
[EventRounds "11"]
[EventCountry "ENG"]
[SourceTitle "CBM 188 Extra"]
[Source "ChessBase"]
[SourceDate "2019.02.26"]
[SourceVersion "1"]
[SourceVersionDate "2019.02.26"]
[SourceQuality "1"]
[WhiteTeam "Grantham Sharks"]
[BlackTeam "Celtic Tigers"]
[WhiteTeamCountry "ENG"]
[BlackTeamCountry "ENG"]

1. e4 c5 2. Nc3 Nc6 3. Bb5 g6 4. Bxc6 bxc6 5. d3 Bg7 6. f4 d6 7. h3 Nh6 8. Nf3 Qb6 9. 0-0 f6 10. Na4 Qc7 11. c4 Nf7 12. Qe1 0-0 13. Nc3 f5 14. Kh1 e5 15. fxe5 Nxe5 16. Nxe5 Bxe5 17. Bf4 Bxf4 18. Rxf4 g5 19. Rf3 f4 20. Qd2 Qg7 21. Raf1 Be6 22. Kg1 Rab8 23. b3 Rbd8 24. Qe1 Rde8 25. Qc1 Bf7 26. R3f2 Bh5 27. Nb1 Qd4 28. Qc3 d5 29. Qxd4 cxd4 30. Nd2 Bg6 31. cxd5 cxd5 32. Nf3 dxe4 33. dxe4 h6 34. Nxd4 Rxe4 35. Ne2 Rc8 36. Rd1 a5 37. Rd6 Kf7 38. Nd4 a4 39. bxa4 Rc4 40. Rd2 Rc1+ 41. Kf2 Ree1 42. Nf3 Rf1+ 43. Ke2 Bh5 44. Rxh6 Rfe1+ 45. Kf2 Rf1+ 46. Ke2 Rfe1+ 1/2-1/2

[Event "BCF-chTb 1819 (4NCL)"]
[Site "Daventry"]
[Date "2019.02.09"]
[Round "5.63"]
[White "Suarez Real, Alberto"]
[Black "Daskalov, Dimitar"]
[Result "1-0"]
[WhiteElo "2438"]
[BlackElo "2330"]
[PlyCount "91"]
[EventDate "2018.11.10"]
[EventType "team-tourn"]
[EventRounds "11"]
[EventCountry "ENG"]
[SourceTitle "CBM 188 Extra"]
[Source "ChessBase"]
[SourceDate "2019.02.26"]
[SourceVersion "1"]
[SourceVersionDate "2019.02.26"]
[SourceQuality "1"]
[WhiteTeam "Guildford II"]
[BlackTeam "Grantham Sharks"]
[WhiteTeamCountry "ENG"]
[BlackTeamCountry "ENG"]

1. e4 e5 2. Nf3 Nf6 3. Nxe5 d6 4. Nf3 Nxe4 5. d4 d5 6. Bd3 Nc6 7. 0-0 Be7 8. c4 Nb4 9. Be2 0-0 10. Nc3 Be6 11. Be3 Bf6 12. Qa4 Nxc3 13. bxc3 Nc6 14. c5 a6 15. Rab1 Qd7 16. Qc2 Bf5 17. Bd3 Bxd3 18. Qxd3 Na5 19. Bg5 Bxg5 20. Nxg5 g6 21. Nf3 f6 22. Nd2 Rad8 23. Qg3 Rfe8 24. Rfe1 b5 25. h4 Nc4 26. Nxc4 dxc4 27. Qf3 Kf7 28. Qb7 Qc8 29. Qc6 Rxe1+ 30. Rxe1 b4 31. Qa4 bxc3 32. Qxc4+ Kf8 33. Re6 Qd7 34. Rxf6+ Kg7 35. Rf4 Qd5 36. Qxc3 Qxa2 37. Qe3 Rd7 38. Qe5+ Kh6 39. Qg5+ Kg7 40. Qe5+ Kh6 41. Qg5+ Kg7 42. Qf6+ Kh6 43. Qf8+ Rg7 44. g4 Qg8 45. Qf6 Rd7 46. Rf5 1-0

[Event "BCF-chT1a 1718 (4NCL)"]
[Site "England"]
[Date "2018.01.14"]
[Round "4.24"]
[White "Longson, Alexander"]
[Black "Daskalov, Dimitar"]
[Result "0-1"]
[WhiteElo "2317"]
[BlackElo "2310"]
[PlyCount "84"]
[EventDate "2017.11.11"]
[EventType "team-swiss"]
[EventRounds "11"]
[EventCountry "ENG"]
[SourceTitle "EXT 2019"]
[Source "ChessBase"]
[SourceDate "2018.10.10"]
[SourceVersion "1"]
[SourceVersionDate "2018.10.10"]
[SourceQuality "1"]
[WhiteTeam "3CS Oldham"]
[BlackTeam "Grantham Sharks"]
[WhiteTeamCountry "ENG"]
[BlackTeamCountry "ENG"]

1. e4 e5 2. Nf3 Nf6 3. Nxe5 d6 4. Nf3 Nxe4 5. c4 Nc6 6. d4 d5 7. Nc3 Bb4 8. Qc2 Qe7 9. Be3 Bf5 10. Qc1 Nxc3 11. bxc3 Ba3 12. Qd1 Bb2 13. Rc1 Bxc1 14. Qxc1 Be6 15. Qb1 0-0 16. Ng5 g6 17. Be2 dxc4 18. Qe4 Bf5 19. Qh4 f6 20. Bxc4+ Kh8 21. Nf3 Qe4 22. 0-0 Qxh4 23. Nxh4 Be4 24. Be2 g5 25. Nf3 Rad8 26. Nd2 Bg6 27. Nb3 b6 28. f4 Rde8 29. Kf2 Ne7 30. c4 Nf5 31. Bc1 Nd6 32. Nd2 Ne4+ 33. Nxe4 Rxe4 34. Bf3 Rxd4 35. fxg5 Rxc4 36. Kg3 Be4 37. Bb2 Bxf3 38. Rxf3 Kg8 39. gxf6 Rc2 40. Be5 Kf7 41. Kh3 Re8 42. Bc3 Rce2 0-1

[Event "BCF-chT1a 1718 (4NCL)"]
[Site "England"]
[Date "2018.01.13"]
[Round "3.34"]
[White "Daskalov, Dimitar"]
[Black "Ivell, Nicholas W"]
[Result "1/2-1/2"]
[WhiteElo "2310"]
[BlackElo "2220"]
[PlyCount "112"]
[EventDate "2017.11.11"]
[EventType "team-swiss"]
[EventRounds "11"]
[EventCountry "ENG"]
[SourceTitle "EXT 2019"]
[Source "ChessBase"]
[SourceDate "2018.10.10"]
[SourceVersion "1"]
[SourceVersionDate "2018.10.10"]
[SourceQuality "1"]
[WhiteTeam "Grantham Sharks"]
[BlackTeam "Spirit of Atticus"]
[WhiteTeamCountry "ENG"]
[BlackTeamCountry "ENG"]

1. e4 c5 2. Nc3 e6 3. f4 d5 4. Nf3 dxe4 5. Nxe4 Nf6 6. Bb5+ Bd7 7. Bxd7+ Nbxd7 8. d3 Be7 9. 0-0 0-0 10. Kh1 Qc7 11. Qe2 Rac8 12. Nxf6+ Bxf6 13. Nd2 g6 14. a4 Bg7 15. a5 b5 16. axb6 axb6 17. Qf3 b5 18. Ne4 c4 19. dxc4 bxc4 20. Be3 Qc6 21. Rfd1 Nf6 22. Nxf6+ Bxf6 23. Bd4 Qxf3 24. gxf3 Bxd4 25. Rxd4 Rc7 26. Ra4 Rfc8 27. Rb4 Kg7 28. Kg2 Kf6 29. Kf2 h5 30. Ke3 Kf5 31. Rb5+ Kf6 32. Rb4 Kf5 33. Re4 Kf6 34. h4 Kf5 35. Re5+ Kf6 36. c3 Rd8 37. Re4 Rdc8 38. Rd4 Kf5 39. Kf2 Kf6 40. Ke2 Kf5 41. Ke3 Kf6 42. Re4 Kf5 43. Re5+ Kf6 44. Reb5 Rd8 45. Rb7 Rc5 46. Ra7 Kg7 47. Rbb7 Rf5 48. Rd7 Rxd7 49. Rxd7 Rb5 50. Rd2 Kf6 51. Ke4 Ke7 52. Rg2 Rd5 53. Rg5 Kd6 54. Rxd5+ exd5+ 55. Ke3 Ke6 56. Kd4 Kd6 1/2-1/2

[Event "BCF-chT1c 1617 (4NCL) Promotion pool"]
[Site "England"]
[Date "2017.04.29"]
[Round "9.23"]
[White "Daskalov, Dimitar"]
[Black "Abbas, Daniel Karim"]
[Result "0-1"]
[WhiteElo "2332"]
[BlackElo "2270"]
[PlyCount "92"]
[EventDate "2016.11.19"]
[EventType "team-tourn"]
[EventRounds "4"]
[EventCountry "ENG"]
[SourceTitle "EXT 2018"]
[Source "ChessBase"]
[SourceDate "2017.10.13"]
[SourceVersion "1"]
[SourceVersionDate "2017.10.13"]
[SourceQuality "1"]
[WhiteTeam "Grantham Sharks"]
[BlackTeam "3CS Oldham"]
[WhiteTeamCountry "ENG"]
[BlackTeamCountry "ENG"]

1. e4 c5 2. Nc3 a6 3. Nf3 e6 4. d4 cxd4 5. Nxd4 Qc7 6. Bd3 Nf6 7. 0-0 d6 8. Kh1 Nbd7 9. f4 Be7 10. Qf3 b5 11. a3 Bb7 12. Bd2 0-0 13. Rae1 Nc5 14. b4 Nxd3 15. cxd3 Qd7 16. g4 Rfd8 17. g5 d5 18. gxf6 dxe4 19. Nxe4 Bxf6 20. Nb3 Be7 21. Bc3 Rac8 22. Ba1 Qxd3 23. Re3 Qc2 24. Nf6+ Bxf6 25. Qxb7 Bxa1 26. Nxa1 Qb2 27. Rb3 Qd2 28. Rbf3 Qb2 29. f5 e5 30. f6 g6 31. Qe4 Rc1 32. Nb3 Rxf1+ 33. Rxf1 Qxb3 34. Qxe5 Qxa3 35. Qe7 Qd3 36. Re1 h5 37. Kg2 h4 38. Re3 Qd5+ 39. Re4 Qg5+ 40. Kf2 Qf5+ 41. Ke2 Qh5+ 42. Ke3 Qg5+ 43. Kf2 Qd2+ 44. Re2 Qf4+ 45. Kg2 h3+ 46. Kxh3 Qf3+ 0-1

[Event "Wch U18"]
[Site "Porto Carras"]
[Date "2015.11.01"]
[Round "7"]
[White "Saiyn, Zhanat"]
[Black "Daskalov, Dimitar"]
[Result "1/2-1/2"]
[WhiteElo "2409"]
[BlackElo "2338"]
[PlyCount "136"]
[EventDate "2015.10.25"]
[EventType "swiss"]
[EventRounds "11"]
[EventCountry "GRE"]
[SourceTitle "CBM 169 Extra"]
[Source "ChessBase"]
[SourceDate "2015.12.18"]
[SourceVersion "1"]
[SourceVersionDate "2015.12.18"]
[SourceQuality "1"]

1. d4 d5 2. Nf3 e6 3. c4 c6 4. Qc2 f5 5. Bf4 Nf6 6. e3 Be7 7. Bd3 0-0 8. Nc3 a6 9. h3 Ne4 10. Ne5 Nd7 11. 0-0 g5 12. Bh2 Nxe5 13. Bxe5 Bd6 14. f4 gxf4 15. exf4 Bxe5 16. fxe5 Qg5 17. Bxe4 dxe4 18. Qc1 Qg7 19. Qf4 Bd7 20. Kh2 c5 21. d5 b5 22. d6 bxc4 23. Rae1 Kh8 24. Rf2 Rg8 25. Nd1 Qg6 26. Ne3 Qh5 27. g4 Qh4 28. Rg1 Rab8 29. Ng2 Qg5 30. gxf5 Qxf5 31. Re1 Qxf4+ 32. Nxf4 Rgf8 33. Rxe4 Rf5 34. Rd2 Rbf8 35. Ng2 Rf2 36. Ree2 Rf1 37. Ne3 Ra1 38. Rf2 Rg8 39. Rg2 Rd8 40. Nxc4 Bc6 41. Rg1 Rxa2 42. b3 Rxd2+ 43. Nxd2 Rf8 44. Rf1 Rg8 45. Rf2 Kg7 46. Nc4 Rb8 47. Na5 Bd7 48. Ra2 Kf7 49. Kg3 Kg6 50. Kf2 Kf5 51. Nc4 Bb5 52. Re2 Bxc4 53. bxc4 a5 54. Kf3 a4 55. Re3 Rd8 56. h4 h5 57. Kg3 a3 58. Rxa3 Kxe5 59. Re3+ Kd4 60. Rxe6 Kxc4 61. Kf4 Kd5 62. Rh6 Rxd6 63. Rxh5+ Kd4 64. Rh8 c4 65. h5 c3 66. Rc8 Kd3 67. Kg5 c2 68. h6 Rxh6 1/2-1/2

[Event "Vidin Balkan Amateur op 5th"]
[Site "Vidin"]
[Date "2014.08.29"]
[Round "7"]
[White "Daskalov, Dimitar"]
[Black "Petrov, Martin"]
[Result "1/2-1/2"]
[WhiteElo "2111"]
[BlackElo "2160"]
[PlyCount "61"]
[EventDate "2014.08.23"]
[EventType "swiss"]
[EventRounds "9"]
[EventCountry "BUL"]
[SourceTitle "CBM 162 Extra"]
[Source "ChessBase"]
[SourceDate "2014.10.17"]
[SourceVersion "1"]
[SourceVersionDate "2014.10.17"]
[SourceQuality "1"]

1. e4 c5 2. Nc3 d6 3. f4 Nc6 4. Bb5 Bd7 5. Nf3 g6 6. 0-0 Bg7 7. d3 Nf6 8. Qe1 0-0 9. Bxc6 Bxc6 10. Qh4 e6 11. Be3 b6 12. Rae1 d5 13. Ne5 Bb7 14. exd5 Nxd5 15. Qxd8 Rfxd8 16. Nxd5 Bxd5 17. b3 h5 18. Rd1 Rac8 19. c4 Bb7 20. Rd2 Rd6 21. Rfd1 Rcd8 22. a3 g5 23. b4 gxf4 24. Bxf4 Rd4 25. g3 f6 26. Ng6 Bf3 27. Be3 R4d7 28. Rf1 Bg4 29. bxc5 Rxd3 30. c6 Rxd2 31. Bxd2 1/2-1/2

[Event "Vidin Balkan Amateur op 5th"]
[Site "Vidin"]
[Date "2014.08.28"]
[Round "6"]
[White "Tetimov, Ivan"]
[Black "Daskalov, Dimitar"]
[Result "1-0"]
[WhiteElo "2067"]
[BlackElo "2111"]
[PlyCount "81"]
[EventDate "2014.08.23"]
[EventType "swiss"]
[EventRounds "9"]
[EventCountry "BUL"]
[SourceTitle "CBM 162 Extra"]
[Source "ChessBase"]
[SourceDate "2014.10.17"]
[SourceVersion "1"]
[SourceVersionDate "2014.10.17"]
[SourceQuality "1"]

1. d4 Nf6 2. Bg5 Ne4 3. Bf4 c5 4. f3 Qa5+ 5. c3 Nf6 6. Nd2 cxd4 7. Nb3 Qb6 8. Qxd4 Qxd4 9. cxd4 d5 10. Rc1 Nc6 11. e3 e6 12. Bg3 Bb4+ 13. Kf2 0-0 14. Nc5 a6 15. Nxa6 bxa6 16. Rxc6 Bd7 17. Rb6 a5 18. Bd3 Rfc8 19. Ne2 Be7 20. h3 a4 21. Rc1 Rxc1 22. Nxc1 Rc8 23. Rb8 Rxb8 24. Bxb8 Bc6 25. Ne2 a3 26. bxa3 Bxa3 27. Bc7 Ne8 28. Bb6 Nd6 29. Bc5 Bxc5 30. dxc5 Nb7 31. Nd4 Ba4 32. c6 Nd6 33. c7 Bd7 34. Nb5 Nc8 35. a4 Kf8 36. e4 f6 37. exd5 exd5 38. Ke3 Ke7 39. Kd4 Nb6 40. a5 Na8 41. Kxd5 1-0

[Event "Wch U16"]
[Site "Al Ain"]
[Date "2013.12.29"]
[Round "11"]
[White "Daskalov, Dimitar"]
[Black "Malhotra, Tarun"]
[Result "0-1"]
[WhiteElo "2156"]
[BlackElo "1988"]
[PlyCount "58"]
[EventDate "2013.12.18"]
[EventType "swiss"]
[EventRounds "11"]
[EventCountry "UAE"]
[SourceTitle "CBM 158 Extra"]
[Source "ChessBase"]
[SourceDate "2014.02.28"]
[SourceVersion "1"]
[SourceVersionDate "2014.02.28"]
[SourceQuality "1"]

1. e4 c5 2. Nc3 Nc6 3. f4 e6 4. Nf3 d5 5. Bb5 Nge7 6. exd5 exd5 7. Qe2 g6 8. Ne5 Qd6 9. Nxd5 Qxd5 10. Bc4 Qd6 11. Nxf7 Qf6 12. d3 Rg8 13. Ng5 Nd4 14. Qf2 Rg7 15. c3 Ndf5 16. Ne4 Qb6 17. 0-0 Nd6 18. Nxd6+ Qxd6 19. Re1 Kd8 20. f5 gxf5 21. Qf4 Qc6 22. d4 b5 23. d5 Qb6 24. Be2 Ng6 25. Qe3 Bd7 26. b4 Rc8 27. d6 Qxd6 28. Rd1 f4 29. Bg4 Rc7 0-1

[Event "Wch U16"]
[Site "Al Ain"]
[Date "2013.12.26"]
[Round "9"]
[White "Daskalov, Dimitar"]
[Black "Abe, Mahiro"]
[Result "0-1"]
[WhiteElo "2156"]
[BlackElo "2009"]
[PlyCount "76"]
[EventDate "2013.12.18"]
[EventType "swiss"]
[EventRounds "11"]
[EventCountry "UAE"]
[SourceTitle "CBM 158 Extra"]
[Source "ChessBase"]
[SourceDate "2014.02.28"]
[SourceVersion "1"]
[SourceVersionDate "2014.02.28"]
[SourceQuality "1"]

1. e4 e5 2. Bc4 Nf6 3. Nc3 Nc6 4. d3 Bc5 5. Bg5 h6 6. Bh4 d6 7. Na4 Qe7 8. Nxc5 dxc5 9. Ne2 Be6 10. Bb5 Bd7 11. Bxf6 Qxf6 12. 0-0 0-0 13. c3 Rad8 14. f4 a6 15. Ba4 b5 16. Bc2 Bg4 17. fxe5 Qxe5 18. h3 Bxe2 19. Qxe2 f5 20. Rae1 f4 21. Qf2 Rd6 22. Bb3+ Kh8 23. Bd5 Ne7 24. Qxc5 Nxd5 25. d4 Qg5 26. exd5 f3 27. Rf2 Rf7 28. a4 Rg6 29. g4 Qh4 30. Re8+ Kh7 31. Kf1 Rxg4 32. d6 Qxh3+ 33. Ke1 Rg2 34. dxc7 Qh1+ 35. Rf1 Qh4+ 36. Kd1 Qf4 37. Rh8+ Kxh8 38. c8Q+ Kh7 0-1

[Event "Wch U16"]
[Site "Al Ain"]
[Date "2013.12.21"]
[Round "5"]
[White "Daskalov, Dimitar"]
[Black "Dixit, Kumar"]
[Result "0-1"]
[WhiteElo "2156"]
[BlackElo "1951"]
[PlyCount "60"]
[EventDate "2013.12.18"]
[EventType "swiss"]
[EventRounds "11"]
[EventCountry "UAE"]
[SourceTitle "CBM 158 Extra"]
[Source "ChessBase"]
[SourceDate "2014.02.28"]
[SourceVersion "1"]
[SourceVersionDate "2014.02.28"]
[SourceQuality "1"]

1. e4 c6 2. Nc3 d5 3. Nf3 Bg4 4. h3 Bh5 5. exd5 cxd5 6. Bb5+ Nc6 7. g4 Bg6 8. Ne5 Rc8 9. d4 e6 10. h4 f6 11. Nxg6 hxg6 12. Qd3 Kf7 13. Bxc6 Rxc6 14. Bd2 Bb4 15. 0-0-0 Ne7 16. Rde1 Qa5 17. Kb1 Ra6 18. f4 Bxc3 19. Bxc3 Qxa2+ 20. Kc1 Qc4 21. Qe3 Rc8 22. Kd2 b5 23. b3 Qc7 24. b4 Rc6 25. Rh3 Qd6 26. Qf2 a5 27. Rb1 axb4 28. Bxb4 Rxc2+ 29. Kd1 Rxf2 30. Bxd6 Rf1+ 0-1

[Event "Wch U16"]
[Site "Al Ain"]
[Date "2013.12.19"]
[Round "2"]
[White "Bellahcene, Bilel"]
[Black "Daskalov, Dimitar"]
[Result "1/2-1/2"]
[WhiteElo "2311"]
[BlackElo "2156"]
[PlyCount "99"]
[EventDate "2013.12.18"]
[EventType "swiss"]
[EventRounds "11"]
[EventCountry "UAE"]
[SourceTitle "CBM 158 Extra"]
[Source "ChessBase"]
[SourceDate "2014.02.28"]
[SourceVersion "1"]
[SourceVersionDate "2014.02.28"]
[SourceQuality "1"]

1. e4 e5 2. Nf3 Nf6 3. Nxe5 d6 4. Nf3 Nxe4 5. Nc3 Nxc3 6. dxc3 Be7 7. Be3 Nc6 8. Qd2 0-0 9. 0-0-0 Ne5 10. h4 Bg4 11. Be2 Qc8 12. h5 Re8 13. Kb1 a6 14. Bd4 Bf8 15. h6 g6 16. Qf4 Qf5 17. Qg3 Nxf3 18. Bd3 Qd5 19. Qxg4 Nxd4 20. cxd4 Qe6 21. Qg3 Re7 22. f4 Rae8 23. f5 Qe3 24. Qh4 d5 25. a3 g5 26. Qg4 f6 27. c4 c6 28. cxd5 cxd5 29. Rh3 Qf2 30. Rf3 Qh4 31. Qxh4 gxh4 32. Bc2 Bxh6 33. Bb3 Rd7 34. Rc3 Re3 35. Rxe3 Bxe3 36. Kc2 Kg7 37. Kd3 Bf4 38. Rf1 Bg3 39. Rc1 Kh6 40. Rc5 Kg5 41. Rxd5 Rxd5 42. Bxd5 b6 43. Ke4 Bf4 44. b3 Bc1 45. a4 a5 46. Bg8 h6 47. Kd5 Bb2 48. Kc4 Kxf5 49. d5 Be5 50. Kb5 1/2-1/2